| 000 | 00556cam a2200157 4500500 | ||
|---|---|---|---|
| 005 | 20260322001441.0 | ||
| 041 | _afre | ||
| 042 | _adc | ||
| 100 | 1 | 0 |
_aHroub, Khaled _eauthor |
| 700 | 1 | 0 |
_aLegros, Martin _eauthor |
| 245 | 0 | 0 | _aKhaled Hroub : « Une justification religieuse du compromis est devenue un impératif » |
| 260 | _c2008. | ||
| 500 | _a86 | ||
| 786 | 0 | _nPhilosophie magazine | 17 | 3 | 2008-03-01 | p. 14-14 | 1951-1787 | |
| 856 | 4 | 1 | _uhttps://shs.cairn.info/magazine-philosophie-magazine-2008-3-page-14?lang=fr&redirect-ssocas=7080 |
| 999 |
_c1714888 _d1714888 |
||